000 00282nam a2200121Ia 4500
008 220216s9999 xx 000 0 und d
100 _aJacob J
245 0 _aG M rubberinu pinnile sathyangal
260 _bKarshakan
_c2011
300 _a11-Jun
650 _aG M rubber
942 _cBS
999 _c51690
_d51690